Teaching children to swim (Record no. 59477)

MARC details
000 -LEADER
fixed length control field 00630nam a2200181 a 4500
008 - FIXED-LENGTH DATA ELEMENTS--GENERAL INFORMATION
fixed length control field 120416s1971 ||||||||||||||||| || u
020 ## - INTERNATIONAL STANDARD BOOK NUMBER
International Standard Book Number 0600070549
050 ## - LIBRARY OF CONGRESS CALL NUMBER
Classification number GV 837.2 Bor
100 ## - MAIN ENTRY--PERSONAL NAME
Personal name Bory, Eva
245 10 - TITLE STATEMENT
Title Teaching children to swim
260 ## - PUBLICATION, DISTRIBUTION, ETC.
Place of publication, distribution, etc. Sydney
Name of publisher, distributor, etc. Paul Hamlyn
Date of publication, distribution, etc. 1971
300 ## - PHYSICAL DESCRIPTION
Extent 140p. : ill.
350 ## - PRICE (NR) (BK AM CF MU VM SE) [OBSOLETE]
Price 0.00
500 ## - GENERAL NOTE
General note Revised ed. published in 1975 under title: Teach your child to swim.
650 ## - SUBJECT ADDED ENTRY--TOPICAL TERM
Topical term or geographic name entry element SPORTS
650 ## - SUBJECT ADDED ENTRY--TOPICAL TERM
Topical term or geographic name entry element SWIMMING--CHILDREN
995 ## - RECOMMENDATION 995 [LOCAL, UNIMARC FRANCE]
-- 0.00
-- CBU-MAIN LIBRARY (Kitwe)
-- 1
-- 5.95
-- 1
-- AVAILABLE
-- Main Library Open Access Collection
Holdings
Withdrawn status Lost status Source of classification or shelving scheme Damaged status Not for loan Home library Current library Shelving location Date acquired Total Checkouts Full call number Barcode Date last seen Price effective from Koha item type
          CBU-MAIN LIBRARY, KITWE. CBU-MAIN LIBRARY, KITWE.   11/30/2022   GV 837.2 Bor 001388 11/30/2022 11/30/2022 MONOGRAPH